[Event "EU Union-ch U14"]
[Site "Kouty nad Desnou"]
[Date "2020.08.20"]
[Round "7"]
[White "Martinkova, Magdalena"]
[Black "Kostov, Kiril"]
[Result "0-1"]
[WhiteElo "1538"]
[BlackElo "1815"]
[PlyCount "72"]
[EventDate "2020.08.14"]
[EventType "swiss"]
[EventRounds "9"]
[EventCountry "CZE"]
[SourceTitle "EXT 2021"]
[Source "ChessBase"]
[SourceDate "2020.10.23"]
[SourceVersion "1"]
[SourceVersionDate "2020.10.23"]
[SourceQuality "1"]

1. e4 c5 2. Nf3 d6 3. d4 cxd4 4. Nxd4 Nf6 5. Nc3 a6 6. f3 e6 7. Be3 Be7 8. Qd2 Nbd7 9. g4 h6 10. 0-0-0 Qc7 11. Rg1 b5 12. h4 Nh7 13. g5 hxg5 14. hxg5 g6 15. f4 Nb6 16. Rh1 b4 17. Ndb5 axb5 18. Nxb5 Qc6 19. Nxd6+ Kf8 20. Qd4 Bxd6 21. Qxh8+ Ke7 22. Rxh7 Nd7 23. Qd4 b3 24. axb3 Ra1+ 25. Kd2 Bc5 26. Qd3 Ba6 27. c4 Bxe3+ 28. Kxe3 Rxd1 29. Qxd1 Nc5 30. Qc2 Qb6 31. Kf3 Nxb3 32. Kg3 Qe3+ 33. Kg2 Bb7 34. Qc3 Bxe4+ 35. Kh2 Qf2+ 36. Kh3 Bf5# 0-1

[Event "EU Union-ch U14"]
[Site "Kouty nad Desnou"]
[Date "2020.08.19"]
[Round "6"]
[White "Martinkova, Magdalena"]
[Black "Janous, Marek"]
[Result "0-1"]
[WhiteElo "1538"]
[BlackElo "1968"]
[PlyCount "64"]
[EventDate "2020.08.14"]
[EventType "swiss"]
[EventRounds "9"]
[EventCountry "CZE"]
[SourceTitle "EXT 2021"]
[Source "ChessBase"]
[SourceDate "2020.10.23"]
[SourceVersion "1"]
[SourceVersionDate "2020.10.23"]
[SourceQuality "1"]

1. d4 Nf6 2. c4 c5 3. dxc5 g6 4. Nf3 Bg7 5. e3 0-0 6. Be2 Na6 7. 0-0 Nxc5 8. Nc3 d6 9. Nd4 a6 10. b4 Nce4 11. Nxe4 Nxe4 12. Bb2 Qb6 13. a3 a5 14. Qc2 f5 15. b5 a4 16. Bf3 Nc5 17. Rad1 e5 18. Bd5+ Kh8 19. Ne2 Qc7 20. Nc3 Rd8 21. e4 f4 22. f3 g5 23. Kh1 Rf8 24. Bc1 Qe7 25. h3 Qf6 26. Bd2 Qh6 27. Be1 g4 28. fxg4 Bxg4 29. Rd2 f3 30. h4 fxg2+ 31. Kxg2 Bh3+ 32. Kxh3 Rxf1 0-1

[Event "CZE-ch U14 Girls"]
[Site "Kouty nad Desnou"]
[Date "2020.03.12"]
[Round "7"]
[White "Martinkova, Magdalena"]
[Black "Nagyova, Daniela"]
[Result "1-0"]
[WhiteElo "1473"]
[BlackElo "1560"]
[PlyCount "127"]
[EventDate "2020.03.07"]
[EventType "swiss"]
[EventRounds "7"]
[EventCountry "CZE"]
[SourceTitle "CBM 195 Extra"]
[Source "ChessBase"]
[SourceDate "2020.05.31"]
[SourceVersion "1"]
[SourceVersionDate "2020.05.31"]
[SourceQuality "1"]

1. e4 e5 2. Nc3 Nc6 3. Bc4 Nf6 4. d3 Na5 5. f4 Nxc4 6. dxc4 Bb4 7. Qd3 Bxc3+ 8. Qxc3 0-0 9. Qd3 Re8 10. f5 b6 11. Bg5 Bb7 12. Bxf6 Qxf6 13. Nf3 Qc6 14. Qd5 d6 15. 0-0-0 Qxd5 16. cxd5 Rad8 17. g4 Ba6 18. Rd2 f6 19. g5 Bb5 20. h4 Ra8 21. h5 a5 22. h6 Re7 23. Rg2 Rf8 24. gxf6 Rxf6 25. hxg7 Rxg7 26. Rxg7+ Kxg7 27. Ng5 h6 28. Ne6+ Kh7 29. Nxc7 Bd7 30. Ne6 Be8 31. Kd2 h5 32. Nc7 Bf7 33. Na8 b5 34. Nc7 b4 35. Ne6 Be8 36. c3 bxc3+ 37. Kxc3 Rh6 38. b4 Kg8 39. bxa5 Bb5 40. Nc7 Be2 41. a6 Rh7 42. Rg1+ Kh8 43. Ne8 Bxa6 44. Nf6 Rc7+ 45. Kd2 Rc8 46. Nxh5 Bb5 47. Rg6 Ra8 48. Rxd6 Rxa2+ 49. Kc3 Re2 50. Rd8+ Kh7 51. f6 Kg6 52. Rg8+ Kf7 53. Rg7+ Kf8 54. Rb7 Ba6 55. Ra7 Re3+ 56. Kd2 Re2+ 57. Kd1 Rxe4 58. Ng7 Bc8 59. Ne6+ Bxe6 60. dxe6 Rd4+ 61. Ke2 Kg8 62. Rg7+ Kf8 63. e7+ Ke8 64. Rg8+ 1-0

[Event "CZE-ch U14 Girls"]
[Site "Kouty nad Desnou"]
[Date "2020.03.10"]
[Round "5"]
[White "Martinkova, Magdalena"]
[Black "Trasakova, Adela"]
[Result "0-1"]
[WhiteElo "1473"]
[BlackElo "1639"]
[PlyCount "76"]
[EventDate "2020.03.07"]
[EventType "swiss"]
[EventRounds "7"]
[EventCountry "CZE"]
[SourceTitle "CBM 195 Extra"]
[Source "ChessBase"]
[SourceDate "2020.05.31"]
[SourceVersion "1"]
[SourceVersionDate "2020.05.31"]
[SourceQuality "1"]

1. e4 c6 2. d4 d5 3. exd5 cxd5 4. c4 Nf6 5. Nc3 Nc6 6. Bg5 e6 7. Nf3 Be7 8. c5 Ne4 9. Bxe7 Qxe7 10. Rc1 0-0 11. Bb5 Bd7 12. 0-0 f5 13. Re1 a6 14. Bxc6 Bxc6 15. Na4 Rf6 16. Nb6 Raf8 17. b4 Rh6 18. a4 g5 19. Ne5 g4 20. Rxe4 dxe4 21. Qb3 Qg5 22. Rb1 f4 23. b5 f3 24. bxc6 Qh4 25. gxf3 Qxh2+ 26. Kf1 gxf3 27. Ke1 Qg1+ 28. Kd2 Qxf2+ 29. Kc3 Qe3+ 30. Kc4 Qe2+ 31. Kb4 bxc6 32. Nbd7 a5+ 33. Ka3 f2 34. Qg3+ Rg6 35. Nxg6 Rf3+ 36. Qxf3 Qxf3+ 37. Ka2 Qe2+ 38. Ka3 Qd3+ 0-1

[Event "Klatovy op-B 24th"]
[Site "Klatovy"]
[Date "2018.07.06"]
[Round "7"]
[White "Martinkova, Magdalena"]
[Black "Flajsman, Petr"]
[Result "0-1"]
[WhiteElo "1186"]
[BlackElo "1753"]
[PlyCount "86"]
[EventDate "2018.06.30"]
[EventType "swiss"]
[EventRounds "9"]
[EventCountry "CZE"]
[SourceTitle "EXT 2019"]
[Source "ChessBase"]
[SourceDate "2018.10.10"]
[SourceVersion "1"]
[SourceVersionDate "2018.10.10"]
[SourceQuality "1"]

1. e4 c5 2. Nf3 Nc6 3. d4 cxd4 4. Nxd4 a6 5. c4 g6 6. Nc3 Bg7 7. Be3 Nf6 8. Be2 0-0 9. 0-0 d6 10. f3 Bd7 11. Nd5 Nxd5 12. cxd5 Nxd4 13. Bxd4 Bxd4+ 14. Qxd4 Rc8 15. Rac1 Qa5 16. a3 Bb5 17. Bxb5 Qxb5 18. Qd2 Rc5 19. Rxc5 Qxc5+ 20. Qf2 Rc8 21. Qxc5 Rxc5 22. Rf2 Kg7 23. h3 Rc1+ 24. Kh2 Kf6 25. Kg3 Rc4 26. Kf4 g5+ 27. Kg4 Kg6 28. Kg3 h5 29. Re2 h4+ 30. Kh2 Kf6 31. g3 Ke5 32. g4 Kd4 33. Kg2 Kd3 34. Kf2 Rc2 35. Rxc2 Kxc2 36. b4 Kb3 37. Ke3 Kxa3 38. f4 f6 39. fxg5 fxg5 40. e5 dxe5 41. Ke4 Kxb4 42. Kxe5 a5 43. Ke6 Kc5 0-1

[Event "Klatovy op-B 24th"]
[Site "Klatovy"]
[Date "2018.07.02"]
[Round "3"]
[White "Stross, Frantisek1111"]
[Black "Martinkova, Magdalena"]
[Result "1/2-1/2"]
[WhiteElo "1506"]
[BlackElo "1186"]
[PlyCount "150"]
[EventDate "2018.06.30"]
[EventType "swiss"]
[EventRounds "9"]
[EventCountry "CZE"]
[SourceTitle "CBM 185 Extra"]
[Source "ChessBase"]
[SourceDate "2018.07.29"]
[SourceVersion "1"]
[SourceVersionDate "2018.07.29"]
[SourceQuality "1"]

1. e4 e5 2. Nf3 Nc6 3. Bc4 Nf6 4. Nc3 Nxe4 5. Bxf7+ Kxf7 6. Nxe4 d5 7. Neg5+ Ke8 8. d3 h6 9. Nh3 Bxh3 10. gxh3 Bd6 11. Bd2 Kf7 12. Qe2 Rf8 13. 0-0-0 Kg8 14. Rhg1 Qf6 15. Ne1 Nd4 16. Qh5 Kh7 17. c3 Ne6 18. Nc2 Nf4 19. Bxf4 Qxf4+ 20. Kb1 Rf6 21. Ne3 c6 22. Rg2 g6 23. Qe2 Qf3 24. Qxf3 Rxf3 25. Rdg1 g5 26. h4 Raf8 27. hxg5 Rxf2 28. Rxf2 Rxf2 29. Ng4 Rd2 30. Nxh6 Bf8 31. Nf7 Rxd3 32. g6+ Kg7 33. Nxe5 Rh3 34. Rg2 Bd6 35. Ng4 Bf4 36. Rf2 Be3 37. Nxe3 Rxe3 38. Rf7+ Kxg6 39. Rxb7 Re1+ 40. Kc2 Re2+ 41. Kb3 Rxh2 42. Rxa7 c5 43. Ra8 c4+ 44. Ka3 Kf5 45. Rb8 Ke4 46. Ka4 d4 47. cxd4 Kxd4 48. a3 Kd3 49. Ka5 c3 50. bxc3 Kxc3 51. a4 Rh5+ 52. Ka6 Rh6+ 53. Rb6 Rh8 54. a5 Kc4 55. Ka7 Kc5 56. a6 Rg8 57. Rb8 Rg7+ 58. Ka8 Rc7 59. Rb7 Rc8+ 60. Rb8 Rc7 61. Rb1 Kc6 62. Kb8 Rh7 63. Rb7 Rh8+ 64. Ka7 Rc8 65. Rb6+ Kc7 66. Rb2 Kc6 67. Rc2+ Kd7 68. Rb2 Kc6 69. Rb8 Kc7 70. Rb4 Kc6 71. Rd4 Kc7 72. Rf4 Kc6 73. Rf7 Rc7+ 74. Rxc7+ Kxc7 75. Ka8 Kc8 1/2-1/2

[Event "CZE-ch U10 Girls"]
[Site "Kouty nad Desnou"]
[Date "2017.03.18"]
[Round "9"]
[White "Vavrinkova, Marie"]
[Black "Martinkova, Magdalena"]
[Result "1-0"]
[WhiteElo "1141"]
[BlackElo "1086"]
[PlyCount "161"]
[EventDate "2017.03.11"]
[EventType "swiss"]
[EventRounds "9"]
[EventCountry "CZE"]
[SourceTitle "CBM 177 Extra"]
[Source "ChessBase"]
[SourceDate "2017.04.27"]
[SourceVersion "1"]
[SourceVersionDate "2017.04.27"]
[SourceQuality "1"]

1. e4 e5 2. Nf3 Nc6 3. Bb5 a6 4. Ba4 Nf6 5. d3 b5 6. Bb3 Be7 7. c3 0-0 8. 0-0 d6 9. h3 d5 10. Qe2 dxe4 11. dxe4 Bb7 12. Nbd2 Bc5 13. Re1 Qe7 14. Nf1 Rad8 15. Ng3 g6 16. Bh6 Rfe8 17. Ng5 Na5 18. Bxf7+ Kh8 19. Bxe8 Rxe8 20. Nf3 Nc4 21. b4 Ba7 22. Nd2 Nd6 23. Be3 Bb8 24. Bc5 Qe6 25. Bxd6 Qxd6 26. c4 Qxb4 27. cxb5 axb5 28. Reb1 Qd4 29. Qxb5 Ba8 30. Qb4 Qd3 31. Qa4 Bc6 32. Qxc6 Qxd2 33. Qa8 Qd8 34. a4 Nd7 35. a5 Nc5 36. a6 Nxa6 37. Rxa6 Rf8 38. Qxb8 Qxb8 39. Rxb8 Rxb8 40. Kf1 Rb1+ 41. Ke2 Rb2+ 42. Kf3 Rb3+ 43. Kg4 Rb2 44. Rc6 Rxf2 45. Rxc7 Rxg2 46. Re7 Rh2 47. Rxe5 Kg7 48. Re7+ Kh6 49. e5 Ra2 50. e6 Ra4+ 51. Kf3 Ra3+ 52. Kg2 Re3 53. Kf2 Re5 54. Re8 Kg5 55. e7 Kh4 56. Kg2 Kg5 57. Kf3 Kh6 58. Kf4 Re6 59. Ne4 Kg7 60. Nd6 Re1 61. Nc8 Rf1+ 62. Kg3 Rf7 63. Rd8 Rxe7 64. Nxe7 Kf7 65. Nxg6 Kxg6 66. Rf8 Kh6 67. Rg8 Kh5 68. Rh8 Kg6 69. h4 h5 70. Kf4 Kg7 71. Rxh5 Kg6 72. Rf5 Kh6 73. Kg4 Kh7 74. Rf6 Kg8 75. Ra6 Kf7 76. Kg5 Kg7 77. Ra7+ Kf8 78. Kg6 Ke8 79. Kf6 Kd8 80. Ke6 Ke8 81. Ra8# 1-0